| 000 | 00650nam a2200145Ia 4500 | ||
|---|---|---|---|
| 008 | 170221s9999 xx 000 0 und d | ||
| 100 | _aLinar G. Akhmetov | ||
| 245 | 4 | _aThe Managerial Mechanism of Future Competitive Technical Specialists Vocational Training: the Russian Experience | |
| 245 | _cLinar G. Akhmetov, Olga V. Kirillova, Tatiana V. Kirillova, Aleksey V. Varlamov, Svetlana G. Kashina, Rais S. Safin, Elena V. Leonova, Ivan A. Sharonov | ||
| 260 | _bInternational Review of Management and Marketing | ||
| 260 | _c2017 | ||
| 300 | _a7 : 1 | ||
| 650 | _xMarketing. | ||
| 856 | _uhttp://www.econjournals.com/index.php/irmm/issue/view/71 | ||
| 999 |
_c312363 _d312363 |
||